000 00779nam a2200229Ii 4500
003 JO-AjNU
008 230605s9999||||xx |||||||||||||| ||und||
017 _a2009/12/5026
020 _a978-9957-07-737-2
040 _aJO-AjNU
_bara
_erda
_cJO-AjNU
041 _aara
050 1 4 _aHF5415.13.S952.2010
100 3 _aشومان، ايناس رأفت,
_eauthor
_943109
245 0 0 _aالتسويق وادارة الاعلان
250 _aط1
264 3 1 _aعمان:دار الفكر للنشر والتوزيع؛2010
300 _a296ص
_bيحتوي على ببلوغرافية من ص289-296ص
336 _atext
_btxt
_2rdacontent
337 _aunmediated
_bn
_2rdamedia
338 _avolume
_bnc
_2rdacarrier
650 4 _aالتسويق-ادارة الاعلان
_943110
999 _aA18509
_c22077
_d22077